| 000 | 00493nam a2200181Ia 4500 | ||
|---|---|---|---|
| 001 | 3940 | ||
| 005 | 20260306145720.0 | ||
| 008 | 260306t2013||||xx |||||||||||||| ||spa|| | ||
| 041 | _aESP | ||
| 082 |
_a305.8 _bP26 |
||
| 100 |
_aPardo-Figueroa Thays, Carlos _eAUT |
||
| 245 | 0 |
_aGitanos en Lima: _bhistoria, cultura e imágenes de los rom, los ludar y los calé peruanos |
|
| 260 | _c2013 | ||
| 300 |
_a346 páginas : _c21 cm. |
||
| 650 | _aGEN | ||
| 654 | _aCHU | ||
| 942 |
_cLIB _dJUS _fJUS _2ddc _n |
||
| 999 |
_c3940 _d3940 |
||